000 00531nam a2200169 i 4500
001 29539
003 ES-MaACL
005 20230906154041.0
007 t|
008 030122m19421943fr ||||1| fre d
100 1 _aBarkhausen, H.
_925685
245 1 4 _aLes tubes a vide et leurs applications /
_cpar H. Barkhausen ; traduit de l'allemand par A. Louvié.
260 _aParis :
_bDunod,
_c1942-1943 (
_eEvreux :
_fImprimière Herissey)
300 _a4 v. ;
_c25 cm.
700 1 _aLouvié, A.
_974338
852 _aES-MaACL
_jF-16170-73
999 _c29539
_d29539